International Business Environments (Record no. 4135)
[ view plain ]
| 000 -LEADER | |
|---|---|
| fixed length control field | 00345nam a2200145Ia 4500 |
| 008 - FIXED-LENGTH DATA ELEMENTS--GENERAL INFORMATION | |
| fixed length control field | 191201s2010 xx 000 0 und d |
| 082 ## - DEWEY DECIMAL CLASSIFICATION NUMBER | |
| Classification number | 658.15 |
| Item number | DAI |
| 100 ## - MAIN ENTRY--PERSONAL NAME | |
| Personal name | DANIELS, John D |
| 245 #0 - TITLE STATEMENT | |
| Title | International Business Environments |
| 250 ## - EDITION STATEMENT | |
| Edition statement | IMP 1st |
| 260 ## - PUBLICATION, DISTRIBUTION, ETC. (IMPRINT) | |
| Place of publication, distribution, etc | N.Delhi |
| Name of publisher, distributor, etc | Pearson |
| Date of publication, distribution, etc | 2010 |
| 300 ## - PHYSICAL DESCRIPTION | |
| Extent | 878 |
| 650 ## - SUBJECT ADDED ENTRY--TOPICAL TERM | |
| Topical term or geographic name as entry element | MBA |
| 942 ## - ADDED ENTRY ELEMENTS (KOHA) | |
| Source of classification or shelving scheme | Dewey Decimal Classification |
| Koha item type | Text Books |
| Withdrawn status | Lost status | Source of classification or shelving scheme | Damaged status | Not for loan | Collection code | Home library | Current library | Date acquired | Source of acquisition | Cost, normal purchase price | Bill Number | Total Checkouts | Full call number | Acc. no. / Barcode | Date last seen | Bill Date | Koha item type | Date last borrowed |
|---|---|---|---|---|---|---|---|---|---|---|---|---|---|---|---|---|---|---|
| Dewey Decimal Classification | MBA | PIET C-LIBRARY | PIET C-LIBRARY | 29/10/2009 | J B C, New Delhi | 599.00 | SI-3529 | 658.18 DAI | 13761 | 04/12/2019 | 24/10/2009 | Text Books | ||||||
| Dewey Decimal Classification | MBA | PIET C-LIBRARY | PIET C-LIBRARY | 29/10/2009 | J B C, New Delhi | 599.00 | SI-3529 | 1 | 658.18 DAI | 13762 | 13/04/2026 | 24/10/2009 | Text Books | 29/07/2025 | ||||
| Dewey Decimal Classification | MBA | PIET C-LIBRARY | PIET C-LIBRARY | 29/10/2009 | J B C, New Delhi | 599.00 | SI-3529 | 658.15 DAI | 13763 | 04/12/2019 | 24/10/2009 | Text Books | ||||||
| Dewey Decimal Classification | MBA | PIET C-LIBRARY | PIET C-LIBRARY | 29/10/2009 | J B C, New Delhi | 599.00 | SI-3529 | 658.18 DAI | 13764 | 04/12/2019 | 24/10/2009 | Text Books | ||||||
| Dewey Decimal Classification | MBA | PIET C-LIBRARY | PIET C-LIBRARY | 29/10/2009 | J B C, New Delhi | 599.00 | SI-3529 | 2 | 658.18 DAI | 13765 | 09/03/2022 | 24/10/2009 | Text Books | 22/02/2022 |